Bio Energy : (Record no. 58887)

MARC details
000 -LEADER
fixed length control field 00888nam a22002057a 4500
005 - DATE AND TIME OF LATEST TRANSACTION
control field 2011120103473.0
010 ## - LCCN (DPL NO)
LC control number B-454765
020 ## - INTERNATIONAL STANDARD BOOK NUMBER
International Standard Book Number 9788179932124
Terms of availability 155.00
035 ## - SYSTEM CONTROL NUMBER
System control number B-454765
037 ## - SOURCE OF ACQUISITION
Stock number Blue Berry/Ven
Source of stock number/acquisition DPL
100 ## - MAIN ENTRY--PERSONAL NAME
Personal name Sengupta, Roshni
245 ## - TITLE STATEMENT
Title Bio Energy :
Remainder of title powering the future /
Statement of responsibility, etc by Roshni, Sengupta
260 ## - PUBLICATION, DISTRIBUTION, ETC. (IMPRINT)
Place of publication, distribution, etc New Delhi
Name of publisher, distributor, etc Teri Press
Date of publication, distribution, etc 2008
270 ## - ADDRESS
Address Darbari Seth Block, IHC Complex, Lodhi Road
City New Delhi
Postal code 110003
300 ## - PHYSICAL DESCRIPTION
Extent 30p.
Other physical details col.ill
Dimensions 28cm. (Hb)
490 ## - SERIES STATEMENT
Series statement Future Power Energy
-- 45351
942 ## - ADDED ENTRY ELEMENTS (KOHA)
Source of classification or shelving scheme Dewey Decimal Classification
Item type Children Books
Call number suffix SEN
Classification part 333.9539
Holdings
Withdrawn status Lost status Not for loan Collection code Home library Current library Date acquired Source of acquisition Cost, normal purchase price Full call number Barcode Copy number Cost, replacement price Koha item type
      Non-fiction Sarojini Nagar Sarojini Nagar 19/04/2012 Blue Berry/7182/31.10.2011/83/21.03.2011/30.11.2011 155.00 333.9539 SEN B-454765 1 155.00 Children Books

© Delhi Public Library
Hit Counter
free hit counter